countries that produce nuclear power (more reactors) - Statistics

Statistiche generali
  • Questo quiz è stato fatto 11 volte
  • Il punteggio medio è 17 su 31
Statistiche sulle risposte
Reactor in use Risposta % Corretto
19 Canada
100%
37 Russia
100%
94 United States of America
100%
57 France
91%
20 India
91%
9 United Kingdom
91%
57 China
82%
14 Japan
82%
6 Pakistan
82%
1 Iran
73%
7 Spain
73%
3 Argentina
64%
2 Mexico
64%
26 South Korea
64%
1 The Netherlands
64%
15 Ukraine
64%
5 Belgium
55%
2 Brazil
45%
6 Sweden
45%
2 Bulgaria
36%
5 Finland
36%
2 Romania
36%
2 South Africa
36%
6 Czech Repubblic
27%
4 Hungary
27%
5 Slovakia
27%
1 Slovenia
27%
4 Switzerland
27%
4 United Arab Emirates
18%
1 Armenia
9%
2 Belrus
9%
Nessun quiz corrispondente trovato
Distribuzione punteggi
Percentuale di utenti per punteggio
Percentile per numero di risposta
I tuoi punteggi nel tempo
Non hai fatto questo quiz